000 00213 a2200097 4500
001 59678
100 _a
245 _aCryptography and network security
260 _aUK
_bMc Graw Hill
_c2006
090 _c36553
_d36553
942 _aNUST-CAE
_c
_c29506
999 _c294751
_d294751